Mots qui contiennent un double T (click quiz) - Statistiques

Statistiques générales
  • Ce quiz a été pris 20 fois
  • Le résultat moyen est 5 sur 8
Statistiques - réponses
Hint Réponse % Correct
Mentttule 1
85%
Coucougnettte 2
85%
Minettte 2
85%
Arbalèttte 1
65%
Birouttte 1
65%
Chipolattta 1
60%
Bittte Les 2
25%
Turluttte Les 2
20%
Aucun quiz correspondant
Distribution des résultats
% des personnes avec chaque résultat
Percentile par nombre de réponses
Votre historique - résultats
Vous n’avez pas pris ce quiz